| 000 | 00000nam 2200000zi 4500 |
| 001 | 9.946395 |
| 003 | CaOODSP |
| 005 | 20250314093527 |
| 006 | m o d f |
| 007 | cr cn||||||||| |
| 008 | 241220s2024 onca ob f000 0 fre d |
| 020 | |a9780660750538|z9780660750521 |
| 040 | |aCaOODSP|bfre|erda|cCaOODSP |
| 043 | |an-cn--- |
| 086 | 1 |aCi4-265/2024F-PDF |
| 245 | 00|aInspections de conformité chez l'employeur : |bpour les employeurs qui embauchent des travailleurs étrangers temporaires par l'intermédiaire du Programme de mobilité internationale. |
| 264 | 1|a[Ottawa] : |bImmigration, réfugiés et citoyenneté Canada = Immigration, Refugees and Citizenship Canada, |c[2024] |
| 300 | |a1 ressource en ligne (1 page non numérotée) : |billustrations |
| 336 | |atexte|btxt|2rdacontent/fre |
| 337 | |ainformatique|bc|2rdamedia/fre |
| 338 | |aressource en ligne|bcr|2rdacarrier/fre |
| 500 | |aTitre de départ. |
| 500 | |aPublié aussi en anglais sous le titre : Employer compliance inspections : for employers hiring temporary foreign workers through the International Mobility Program. |
| 504 | |aComprend des références bibliographiques. |
| 520 | |a« L’inspection de conformité chez l’employeur : vérifie que vous respectez vos obligations lorsque vous embauchez des travailleurs étrangers » -- Page [1]. |
| 610 | 26|aProgramme de mobilité internationale (Canada) |
| 650 | 6|aTravailleurs étrangers|xTravail|xPolitique gouvernementale|zCanada. |
| 710 | 1 |aCanada. |bImmigration, réfugiés et citoyenneté Canada, |eorganisme de publication. |
| 775 | 08|tEmployer compliance inspections : |w(CaOODSP)9.946394 |
| 856 | 40|qPDF|s1.21 Mo|uhttps://publications.gc.ca/collections/collection_2025/ircc/Ci4-265-2024-fra.pdf |
| 986 | |aIRCC-4017 |